Visualizzazione normale
Vista MARC
- Campiotti Giacomo
di Personal Name
Records bibliografici associati: 1
001 - CONTROL NUMBER
- control field: 43822
003 - CONTROL NUMBER IDENTIFIER
- control field: IT-RoPau
005 - DATE AND TIME OF LATEST TRANSACTION
- control field: 20151127115557.0
008 - FIXED-LENGTH DATA ELEMENTS
- fixed length control field: 151127|| aca||aabn | a|a d
040 ## - CATALOGING SOURCE
- Original cataloging agency: IT-RoPau
- Transcribing agency: IT-RoPau
100 ## - HEADING--PERSONAL NAME
- Personal name: Campiotti Giacomo
- Miscellaneous information: Codice regista SPICS: 29292
670 ## - SOURCE DATA FOUND
- Source citation: Work cat.: (IT-RoPau)105872: Campiotti Giacomo Codice regista SPICS: 29292, BAKHITA BAKHITA (Rif. Codice opera principale : H9367)